000 00524nam a2200145 a 4500
008 120416s0000 ||||||||||||||||| || u
020 _a0256094160
050 _aHF 5635 Fin
245 1 0 _aOriginal pronouncements
246 _aaccounting standards as of June 1, 1990, vol. 11
260 _aHomewood, Ill.
_bIrwin
_c1990
300 _av, 1531p. : ill
350 _a0.00
995 _D0.00
_FCBU-MAIN LIBRARY (Kitwe)
_H1
_I33.95
_UAVAILABLE
_ZAnnex Low-Usage Collection
999 _c52937
_d52937